000 00460nam a2200145Ia 4500
008 100204s9999 xx 000 0 und d
082 _b5593
100 _aबोरकर बालकृष्ण भगवंत
245 _aप्रियकामा
260 _b"सुरेश एजन्सी , पुणे"
_c1983
300 _a192
630 _aप्रियकामा
730 _aप्रियकामा
942 _cBOOK
999 _c450163
_d450160